Development of hydropower engineering in the U.S.S.R. (Record no. 32215)

MARC details
000 -LEADER
fixed length control field 01056cam a22002531 4500
001 - CONTROL NUMBER
control field he 67000479
003 - CONTROL NUMBER IDENTIFIER
control field DLC
005 - DATE AND TIME OF LATEST TRANSACTION
control field 20260227111444.0
008 - FIXED-LENGTH DATA ELEMENTS--GENERAL INFORMATION
fixed length control field 780210s1966 is ab b f000 0 eng
010 ## - LIBRARY OF CONGRESS CONTROL NUMBER
LC control number he 67000479
035 ## - SYSTEM CONTROL NUMBER
System control number (OCoLC)3625966
040 ## - CATALOGING SOURCE
Original cataloging agency DLC
Transcribing agency CoGrU
Modifying agency OCoLC
-- DLC
041 1# - LANGUAGE CODE
Language code of text/sound track or separate title eng
Language code of original rus
042 ## - AUTHENTICATION CODE
Authentication code premarc
050 00 - LIBRARY OF CONGRESS CALL NUMBER
Classification number TK1485
Item number .N4313
082 ## - DEWEY DECIMAL CLASSIFICATION NUMBER
Classification number 621.3121340947
100 1# - MAIN ENTRY--PERSONAL NAME
Personal name Nesteruk, F. I͡A.
245 10 - TITLE STATEMENT
Title Development of hydropower engineering in the U.S.S.R.
Remainder of title Razvitie gidroenergetiki SSSR
Statement of responsibility, etc. [by] F. Ya. Nesteruk. Translated from Russian [by Adolf Wald]
260 ## - PUBLICATION, DISTRIBUTION, ETC.
Place of publication, distribution, etc. Jerusalem,
Name of publisher, distributor, etc. Israel Program for Scientific Translations;
-- [available from the U.S. Dept. of Commerce, Clearinghouse for Federal Scientific and Technical Information, Springfield, Va.]
Date of publication, distribution, etc. 1966.
300 ## - PHYSICAL DESCRIPTION
Extent vii, 280 p.
Other physical details illus., maps.
Dimensions 24 cm.
500 ## - GENERAL NOTE
General note At head of title: Institute of History of Natural Science and Engineering, Academy of Sciences of the U.S.S.R.
504 ## - BIBLIOGRAPHY, ETC. NOTE
Bibliography, etc. note Bibliography: p. 274-279.
650 #0 - SUBJECT ADDED ENTRY--TOPICAL TERM
Topical term or geographic name entry element Water-power
Geographic subdivision Soviet Union.

No items available.

Powered by Koha